[Event "Mitropa Cup 34th"]
[Site "Mayrhofen"]
[Date "2015.06.21"]
[Round "8.3"]
[White "Kociscak, Jiri"]
[Black "Kreisl, Robert"]
[Result "1/2-1/2"]
[WhiteElo "2474"]
[BlackElo "2441"]
[PlyCount "101"]
[EventDate "2015.06.14"]
[EventType "team"]
[EventRounds "9"]
[EventCountry "AUT"]
[WhiteTeam "Czech Republic"]
[BlackTeam "Austria"]
[WhiteTeamCountry "CZE"]
[BlackTeamCountry "AUT"]

1. d4 Nf6 2. c4 g6 3. Nf3 Bg7 4. g3 c6 5. Bg2 d5 6. Nbd2 O-O 7. O-O Bf5 8. b3
a5 9. Bb2 a4 10. e3 Ne4 11. Nxe4 Bxe4 12. Qe2 Qb6 13. Nd2 Bxg2 14. Kxg2 Nd7 15.
Qd3 Rfd8 16. Nf3 dxc4 17. Qxc4 Qa5 18. e4 c5 19. Rad1 axb3 20. axb3 cxd4 21.
Bxd4 Rac8 22. Qe2 Bxd4 23. Rxd4 Ne5 24. b4 Qc7 25. Rfd1 Rxd4 26. Rxd4 Qc3 27.
Rd5 Nxf3 28. Qxf3 Qxb4 29. Rd7 b5 30. Rb7 Qc5 31. Qd3 Qc4 32. Qb1 Rc7 33. Rxb5
h5 34. h4 Qc2 35. Rb8+ Kg7 36. Qa1+ Qc3 37. Qa8 Qc6 38. Rg8+ Kf6 39. Qa1+ Qc3
40. Qd1 Rc4 41. Qe2 Qd4 42. Qf3+ Ke6 43. Rf8 f6 44. Qb3 Qxe4+ 45. Kh2 Qd4 46.
Kh3 Qd5 47. Qb6+ Qc6 48. Qe3+ Qe4 49. Qb6+ Qc6 50. Qe3+ Qe4 51. Qb6+ 1/2-1/2

[Event "Mitropa Cup 34th"]
[Site "Mayrhofen"]
[Date "2015.06.21"]
[Round "8.4"]
[White "Diermair, Andreas"]
[Black "Rojicek, Vojtech"]
[Result "1-0"]
[WhiteElo "2494"]
[BlackElo "2414"]
[PlyCount "101"]
[EventDate "2015.06.14"]
[EventType "team"]
[EventRounds "9"]
[EventCountry "AUT"]
[WhiteTeam "Austria"]
[BlackTeam "Czech Republic"]
[WhiteTeamCountry "AUT"]
[BlackTeamCountry "CZE"]

1. d4 Nf6 2. c4 e6 3. g3 d5 4. Nf3 Be7 5. Bg2 O-O 6. O-O Nbd7 7. Qc2 c6 8. Nbd2
b6 9. e4 Ba6 10. b3 Rc8 11. Bb2 c5 12. exd5 exd5 13. Rfd1 cxd4 14. Nxd4 b5 15.
Nf5 Bc5 16. Nf1 bxc4 17. Qd2 Re8 18. N1e3 Bxe3 19. Nxe3 Nc5 20. Nxd5 Nxd5 21.
Bxd5 Nd3 22. bxc4 Nxb2 23. Qxb2 Qb6 24. Qb3 Re7 25. Re1 Rec7 26. Re4 g6 27.
Rae1 Qxb3 28. axb3 Bb7 29. Bxb7 Rxb7 30. Re8+ Rxe8 31. Rxe8+ Kg7 32. Re3 Kf6
33. Kf1 a5 34. Ke2 Rb4 35. Kd2 a4 36. bxa4 Rxa4 37. Kd3 Ra3+ 38. Kd4 Ra2 39.
Rf3+ Ke6 40. Kc5 f5 41. h4 Rc2 42. Re3+ Kd7 43. f4 Rd2 44. Ra3 Rd1 45. h5 gxh5
46. Ra7+ Ke6 47. Rxh7 Rg1 48. Rh6+ Kf7 49. Rxh5 Kf6 50. Rg5 Rd1 51. Kc6 1-0

[Event "Mitropa Cup 34th"]
[Site "Mayrhofen"]
[Date "2015.06.21"]
[Round "8.1"]
[White "Saric, Ante"]
[Black "Bluebaum, Matthias"]
[Result "1/2-1/2"]
[WhiteElo "2580"]
[BlackElo "2600"]
[PlyCount "64"]
[EventDate "2015.06.14"]
[EventType "team"]
[EventRounds "9"]
[EventCountry "AUT"]
[WhiteTeam "Croatia"]
[BlackTeam "Germany"]
[WhiteTeamCountry "CRO"]
[BlackTeamCountry "GER"]

1. c4 e6 2. g3 d5 3. Bg2 Nf6 4. Nf3 dxc4 5. Qa4+ Bd7 6. Qxc4 c5 7. Ne5 Qc8 8.
b3 Nc6 9. Bb2 Nxe5 10. Bxe5 Bc6 11. O-O Bxg2 12. Kxg2 Qc6+ 13. f3 Be7 14. Nc3
O-O 15. Bxf6 Bxf6 16. Rac1 Rfd8 17. Ne4 Be7 18. d4 Rxd4 19. Qxd4 cxd4 20. Rxc6
bxc6 21. Rc1 f5 22. Nc5 Bxc5 23. Rxc5 Rc8 24. Rc4 c5 25. b4 e5 26. bxc5 Kf7 27.
f4 exf4 28. gxf4 Ke6 29. Rxd4 Rxc5 30. Kf3 Rc3+ 31. e3 Ra3 32. Rd2 g6 1/2-1/2

[Event "Mitropa Cup 34th"]
[Site "Mayrhofen"]
[Date "2015.06.21"]
[Round "8.2"]
[White "Wagner, Dennis"]
[Black "Bosiocic, Marin"]
[Result "1/2-1/2"]
[WhiteElo "2569"]
[BlackElo "2558"]
[PlyCount "161"]
[EventDate "2015.06.14"]
[EventType "team"]
[EventRounds "9"]
[EventCountry "AUT"]
[WhiteTeam "Germany"]
[BlackTeam "Croatia"]
[WhiteTeamCountry "GER"]
[BlackTeamCountry "CRO"]

1. d4 d5 2. c4 c6 3. Nc3 Nf6 4. Nf3 dxc4 5. a4 Bf5 6. Ne5 Nbd7 7. Nxc4 Qc7 8.
g3 e5 9. dxe5 Nxe5 10. Bf4 Nfd7 11. Bg2 g5 12. Ne3 gxf4 13. Nxf5 O-O-O 14. Qc2
Nc5 15. O-O fxg3 16. hxg3 a5 17. Rfd1 h5 18. e3 Ng6 19. Rd4 h4 20. gxh4 Be7 21.
Rc1 Kb8 22. Rxd8+ Qxd8 23. Nb5 Bf8 24. Rd1 Qb6 25. Nbd6 Bxd6 26. Rxd6 Qb4 27.
Rd4 Qe1+ 28. Kh2 Ne6 29. Rg4 Rd8 30. f4 Rd2 31. Qc3 Qe2 32. Rg3 Rd7 33. Qf6 Nc5
34. Nd4 Qh5 35. Rh3 Nxa4 36. Nxc6+ bxc6 37. Qxc6 Nc5 38. Qa8+ Kc7 39. Qxa5+ Kd6
40. b4 Rc7 41. bxc5+ Rxc5 42. Qd8+ Ke6 43. Bf3 Rc2+ 44. Kg3 Qc5 45. Qg5 Ne7 46.
Qxc5 Rxc5 47. e4 Kf6 48. Rh1 Kg7 49. Rd1 Rc3 50. Rd7 Ng8 51. Rd2 Nf6 52. Kf2
Ng8 53. Ke2 Ra3 54. Kf2 Rc3 55. Re2 Ne7 56. Re3 Rc1 57. Kg3 Ng6 58. h5 Ne7 59.
Rd3 Ng8 60. Kf2 Rc2+ 61. Ke3 Rc7 62. Bd1 Ra7 63. Be2 Rc7 64. Ra3 Rb7 65. e5 Ne7
66. Bd3 Kh6 67. Be4 Rd7 68. f5 Kg5 69. f6 Nf5+ 70. Bxf5 Kxf5 71. h6 Rd8 72. Ra5
Rh8 73. Kd4 Rxh6 74. Kd5 Rh8 75. Kd6 Re8 76. Kd7 Re6 77. Kd8 Kf4 78. Rb5 Kf5
79. Rc5 Kf4 80. Rd5 Kf5 81. Rc5 1/2-1/2

[Event "Mitropa Cup 34th"]
[Site "Mayrhofen"]
[Date "2015.06.21"]
[Round "8.3"]
[White "Martinovic, Sasa"]
[Black "Heimann, Andreas"]
[Result "0-1"]
[WhiteElo "2542"]
[BlackElo "2551"]
[PlyCount "80"]
[EventDate "2015.06.14"]
[EventType "team"]
[EventRounds "9"]
[EventCountry "AUT"]
[WhiteTeam "Croatia"]
[BlackTeam "Germany"]
[WhiteTeamCountry "CRO"]
[BlackTeamCountry "GER"]

1. d4 Nf6 2. Bg5 d5 3. e3 c5 4. Bxf6 gxf6 5. dxc5 Nc6 6. Nd2 e5 7. Nb3 Bxc5 8.
Nxc5 Qa5+ 9. c3 Qxc5 10. Nf3 Rg8 11. g3 Bg4 12. Be2 O-O-O 13. O-O Kb8 14. a4 f5
15. a5 d4 16. cxd4 exd4 17. Qb3 d3 18. Rfc1 Qd5 19. Qxd5 Rxd5 20. Bd1 Rxa5 21.
Nd2 Rxa1 22. Rxa1 Bxd1 23. Rxd1 Kc7 24. Rc1 Kb6 25. Kf1 Rd8 26. Ke1 Rd5 27. Rc3
Kb5 28. Nf3 Kb4 29. Kd2 a5 30. h4 a4 31. h5 h6 32. Nd4 Nxd4 33. exd4 Rxd4 34.
Rc7 b5 35. Rxf7 Kb3 36. Rxf5 b4 37. Ra5 a3 38. bxa3 bxa3 39. f4 a2 40. f5 Ra4
0-1

[Event "Mitropa Cup 34th"]
[Site "Mayrhofen"]
[Date "2015.06.21"]
[Round "8.4"]
[White "Paehtz, Elisabeth"]
[Black "Srbis, Jurica"]
[Result "1/2-1/2"]
[WhiteElo "2458"]
[BlackElo "2401"]
[PlyCount "120"]
[EventDate "2015.06.14"]
[EventType "team"]
[EventRounds "9"]
[EventCountry "AUT"]
[WhiteTeam "Germany"]
[BlackTeam "Croatia"]
[WhiteTeamCountry "GER"]
[BlackTeamCountry "CRO"]

1. Nf3 Nf6 2. c4 c5 3. g3 Nc6 4. Bg2 g6 5. d4 cxd4 6. Nxd4 Bg7 7. O-O O-O 8.
Nc3 Ng4 9. e3 d6 10. Nde2 Qa5 11. Nd5 Nge5 12. Bd2 Qd8 13. b3 Rb8 14. Ndc3 a6
15. f4 Nd3 16. a3 Be6 17. Qc2 Nc5 18. Rac1 a5 19. Nb5 Bf5 20. e4 Bg4 21. Nec3
Nd4 22. Nxd4 Bxd4+ 23. Kh1 Bd7 24. b4 axb4 25. axb4 Na6 26. Qd3 Bg7 27. Nd5 b5
28. c5 dxc5 29. bxc5 Bc6 30. Qa3 Ra8 31. Ba5 Qe8 32. e5 Kh8 33. Qb2 e6 34. Nb6
Ra7 35. Be1 f6 36. exf6 Bxf6 37. Bc3 Bxc3 38. Qxc3+ Kg8 39. Qb2 Rc7 40. Rb1
Nxc5 41. Kg1 Qb8 42. Nc4 Nd3 43. Qa3 Bxg2 44. Kxg2 Nxf4+ 45. Rxf4 Rxf4 46. gxf4
Rxc4 47. Rd1 Rxf4 48. Qe3 Qa8+ 49. Kg3 Rf7 50. Rd6 e5 51. Re6 Qb8 52. Qe4 Qc7
53. Rc6 Qe7 54. Rc8+ Kg7 55. Rc3 Qg5+ 56. Kh3 Rf4 57. Rc7+ Rf7 58. Rxf7+ Kxf7
59. Qd5+ Ke8 60. Qf7+ Kxf7 1/2-1/2

[Event "Mitropa Cup 34th"]
[Site "Mayrhofen"]
[Date "2015.06.21"]
[Round "8.1"]
[White "Bailet, Pierre"]
[Black "Gledura, Benjamin"]
[Result "0-1"]
[WhiteElo "2518"]
[BlackElo "2486"]
[PlyCount "132"]
[EventDate "2015.06.14"]
[EventType "team"]
[EventRounds "9"]
[EventCountry "AUT"]
[WhiteTeam "France"]
[BlackTeam "Hungary"]
[WhiteTeamCountry "FRA"]
[BlackTeamCountry "HUN"]

1. e4 c6 2. d4 d5 3. Nd2 dxe4 4. Nxe4 Bf5 5. Ng3 Bg6 6. h4 h6 7. Nf3 Nd7 8. h5
Bh7 9. Bd3 Bxd3 10. Qxd3 e6 11. Bd2 Ngf6 12. O-O-O Be7 13. Kb1 O-O 14. Ne4 Nxe4
15. Qxe4 Nf6 16. Qe2 Qd5 17. Ne5 Qe4 18. Qxe4 Nxe4 19. Be1 Rfd8 20. f3 Nf6 21.
Bf2 a5 22. c4 a4 23. g4 Rac8 24. Be3 Bd6 25. g5 hxg5 26. Bxg5 Bxe5 27. dxe5
Rxd1+ 28. Rxd1 Nxh5 29. c5 f6 30. exf6 gxf6 31. Bc1 Rc7 32. Rd8+ Kf7 33. Ra8 e5
34. Rxa4 Ke6 35. Kc2 Ng3 36. Be3 Nf5 37. Kd3 Rd7+ 38. Ke2 Nxe3 39. Kxe3 Kd5 40.
b4 f5 41. Ra8 f4+ 42. Kd3 e4+ 43. fxe4+ Ke5+ 44. Ke2 Kxe4 45. Re8+ Kd4 46. Kf3
Kc3 47. a3 Kb2 48. a4 Kb3 49. b5 Kxa4 50. bxc6 bxc6 51. Kxf4 Kb5 52. Re5 Rd1
53. Rh5 Re1 54. Kf3 Kb4 55. Kf4 Rc1 56. Ke3 Rxc5 57. Rh6 Kc3 58. Re6 Rc4 59.
Rd6 c5 60. Rd5 Kc2 61. Ke2 Rc3 62. Rd2+ Kb1 63. Rd6 c4 64. Rb6+ Rb3 65. Rc6 c3
66. Kd3 c2+ 0-1

[Event "Mitropa Cup 34th"]
[Site "Mayrhofen"]
[Date "2015.06.21"]
[Round "8.2"]
[White "Havasi, Gergo"]
[Black "Dourerassou, Jonathan"]
[Result "0-1"]
[WhiteElo "2355"]
[BlackElo "2415"]
[PlyCount "64"]
[EventDate "2015.06.14"]
[EventType "team"]
[EventRounds "9"]
[EventCountry "AUT"]
[WhiteTeam "Hungary"]
[BlackTeam "France"]
[WhiteTeamCountry "HUN"]
[BlackTeamCountry "FRA"]

1. e4 c5 2. Nf3 d6 3. d4 cxd4 4. Nxd4 Nf6 5. Nc3 Nc6 6. Bg5 e6 7. Qd2 Qb6 8.
Nb3 Be7 9. O-O-O O-O 10. f3 Rd8 11. Kb1 a6 12. Be3 Qc7 13. Qf2 Nd7 14. g4 b5
15. g5 Nce5 16. Rg1 Nc4 17. Bxc4 bxc4 18. Nd4 Rb8 19. Ka1 Nc5 20. h4 Bd7 21.
Rb1 Na4 22. Nxa4 Bxa4 23. g6 hxg6 24. h5 gxh5 25. Bh6 g6 26. Qg3 Bf6 27. Nxe6
Qa5 28. Nxd8 Bb3 29. cxb3 cxb3 30. Qxg6+ fxg6 31. Rxg6+ Kh7 32. Rg7+ Bxg7 0-1

[Event "Mitropa Cup 34th"]
[Site "Mayrhofen"]
[Date "2015.06.21"]
[Round "8.3"]
[White "Barbot, Pierre"]
[Black "Kantor, Gergely"]
[Result "1/2-1/2"]
[WhiteElo "2463"]
[BlackElo "2416"]
[PlyCount "99"]
[EventDate "2015.06.14"]
[EventType "team"]
[EventRounds "9"]
[EventCountry "AUT"]
[WhiteTeam "France"]
[BlackTeam "Hungary"]
[WhiteTeamCountry "FRA"]
[BlackTeamCountry "HUN"]

1. d4 d5 2. c4 c6 3. Nc3 Nf6 4. e3 e6 5. Nf3 a6 6. Qc2 c5 7. cxd5 exd5 8. Be2
Nc6 9. O-O Be6 10. Rd1 cxd4 11. Nxd4 Nxd4 12. Rxd4 Bc5 13. Rd1 Qe7 14. Bf3 O-O
15. b3 Rac8 16. Bb2 Rfd8 17. Qe2 Ba7 18. Rd2 Rd7 19. Rad1 Rcd8 20. g3 h6 21.
Qe1 Qf8 22. Qf1 b5 23. Ne2 Ne4 24. Rc2 Ng5 25. Bg2 Bg4 26. Bd4 Bxd4 27. Rxd4
Bxe2 28. Qxe2 Ne6 29. Rd1 d4 30. Rcd2 Rd6 31. h4 dxe3 32. Qxe3 Rxd2 33. Rxd2
Rxd2 34. Qxd2 Qc5 35. Qa5 Qd6 36. a4 Qd1+ 37. Bf1 Qxb3 38. axb5 axb5 39. Qxb5
Qxb5 40. Bxb5 Nd4 41. Bc4 g5 42. hxg5 hxg5 43. Kf1 Kg7 44. Ke1 f5 45. Kd2 Kf6
46. Ke3 Nc6 47. Bd5 Ne5 48. Kd4 Ng4 49. f3 Ne5 50. Bb7 1/2-1/2

[Event "Mitropa Cup 34th"]
[Site "Mayrhofen"]
[Date "2015.06.21"]
[Round "8.4"]
[White "Korpa, Bence"]
[Black "Di Nicolantonio, Lucas"]
[Result "0-1"]
[WhiteElo "2432"]
[BlackElo "2417"]
[PlyCount "60"]
[EventDate "2015.06.14"]
[EventType "team"]
[EventRounds "9"]
[EventCountry "AUT"]
[WhiteTeam "Hungary"]
[BlackTeam "France"]
[WhiteTeamCountry "HUN"]
[BlackTeamCountry "FRA"]

1. c4 d6 2. g3 e5 3. Bg2 f5 4. Nc3 Nf6 5. e3 Be7 6. Nge2 O-O 7. d3 Qe8 8. O-O
Kh8 9. f4 Nc6 10. Nd5 Bd8 11. Bd2 Nxd5 12. cxd5 Ne7 13. Rc1 c6 14. Nc3 Bb6 15.
dxc6 bxc6 16. Qa4 a5 17. Nd1 Ba6 18. Bxc6 Nxc6 19. Qxc6 Qd8 20. Nf2 exf4 21.
gxf4 Rf6 22. h3 d5 23. Qc2 d4 24. exd4 Rg6+ 25. Kh2 Bxd4 26. Bc3 Be3 27. Bd2
Bb7 28. Qc7 Rg2+ 29. Kh1 Qxc7 30. Rxc7 Rxf2+ 0-1

[Event "Mitropa Cup 34th"]
[Site "Mayrhofen"]
[Date "2015.06.22"]
[Round "9.1"]
[White "Michalik, Peter"]
[Black "Pelletier, Yannick"]
[Result "1/2-1/2"]
[WhiteElo "2546"]
[BlackElo "2563"]
[PlyCount "91"]
[EventDate "2015.06.14"]
[EventType "team"]
[EventRounds "9"]
[EventCountry "AUT"]
[WhiteTeam "Slovakia"]
[BlackTeam "Switzerland"]
[WhiteTeamCountry "SVK"]
[BlackTeamCountry "SUI"]

1. d4 Nf6 2. c4 e6 3. g3 d5 4. Nf3 Bb4+ 5. Bd2 Be7 6. Bg2 c6 7. Qc2 O-O 8. O-O
Nbd7 9. Rd1 b6 10. Bf4 Bb7 11. Ne5 Nh5 12. Bc1 Nhf6 13. cxd5 cxd5 14. Nc6 Bxc6
15. Qxc6 Rc8 16. Qb5 Qc7 17. Nc3 Qc4 18. Qxc4 Rxc4 19. e3 Nb8 20. Bd2 a6 21.
Bf1 Rc6 22. Bd3 Rfc8 23. f3 Bd6 24. Kg2 g6 25. g4 h5 26. h3 Kg7 27. Ne2 hxg4
28. hxg4 Rh8 29. Rh1 Rxh1 30. Rxh1 Rc7 31. Ra1 Nfd7 32. f4 a5 33. Nc3 Rc8 34.
g5 Nc6 35. Ba6 Rd8 36. Rc1 Ndb8 37. Bd3 Rd7 38. a3 Na7 39. Na4 Rb7 40. e4 Nbc6
41. Be3 Rb8 42. Nc3 Ne7 43. e5 Bc7 44. Bf2 Bd8 45. Kf3 b5 46. Ne2 1/2-1/2

[Event "Mitropa Cup 34th"]
[Site "Mayrhofen"]
[Date "2015.06.22"]
[Round "9.2"]
[White "Loetscher, Roland"]
[Black "Jurcik, Marian"]
[Result "1/2-1/2"]
[WhiteElo "2449"]
[BlackElo "2487"]
[PlyCount "89"]
[EventDate "2015.06.14"]
[EventType "team"]
[EventRounds "9"]
[EventCountry "AUT"]
[WhiteTeam "Switzerland"]
[BlackTeam "Slovakia"]
[WhiteTeamCountry "SUI"]
[BlackTeamCountry "SVK"]

1. d4 Nf6 2. c4 g6 3. g3 c5 4. Nf3 cxd4 5. Nxd4 Bg7 6. Bg2 Nc6 7. O-O O-O 8.
Nc3 Ng4 9. e3 d6 10. b3 a6 11. Re1 Nh6 12. Qd3 Bd7 13. Bd2 Ng4 14. h3 Nge5 15.
Qe2 Rb8 16. f4 Nxd4 17. exd4 Nc6 18. d5 Nd4 19. Qxe7 Nc2 20. Qxd6 Nxa1 21. Rxa1
Rc8 22. Re1 Bd4+ 23. Kh2 Bc5 24. Qe5 Re8 25. Qg5 Rxe1 26. Bxe1 f5 27. Qxd8+
Rxd8 28. Ne2 a5 29. Bc3 Re8 30. Bf1 b5 31. Be5 bxc4 32. bxc4 Ra8 33. Nc1 Rc8
34. Bd3 a4 35. Kg2 Kf8 36. Kf3 Ke7 37. Ne2 Ra8 38. Nc3 Ra7 39. Ke2 Rb7 40. Nb5
h5 41. Kf3 Rb6 42. Be2 Rb7 43. Bd3 Rb6 44. Ke2 Rb7 45. Kf3 1/2-1/2

[Event "Mitropa Cup 34th"]
[Site "Mayrhofen"]
[Date "2015.06.22"]
[Round "9.3"]
[White "Repka, Christopher"]
[Black "Sermier, Guillaume"]
[Result "1-0"]
[WhiteElo "2414"]
[BlackElo "2414"]
[PlyCount "53"]
[EventDate "2015.06.14"]
[EventType "team"]
[EventRounds "9"]
[EventCountry "AUT"]
[WhiteTeam "Slovakia"]
[BlackTeam "Switzerland"]
[WhiteTeamCountry "SVK"]
[BlackTeamCountry "SUI"]

1. d4 e6 2. c4 Nf6 3. Nf3 Bb4+ 4. Bd2 a5 5. Nc3 b6 6. e3 Bb7 7. Bd3 O-O 8. O-O
Bxc3 9. Bxc3 Ne4 10. Bxe4 Bxe4 11. d5 f6 12. Nh4 Qe8 13. Qg4 Bg6 14. e4 Na6 15.
Rae1 Nc5 16. f4 Bxe4 17. f5 exd5 18. cxd5 Qe7 19. Re3 Rfe8 20. Bd4 c6 21. Ng6
hxg6 22. fxg6 Qd6 23. Rh3 Qxd5 24. Rh8+ Kxh8 25. Qh3+ Kg8 26. Qh7+ Kf8 27. Bxf6
1-0

[Event "Mitropa Cup 34th"]
[Site "Mayrhofen"]
[Date "2015.06.22"]
[Round "9.4"]
[White "Patuzzo, Fabrizio"]
[Black "Druska, Juraj"]
[Result "1/2-1/2"]
[WhiteElo "2282"]
[BlackElo "2433"]
[PlyCount "89"]
[EventDate "2015.06.14"]
[EventType "team"]
[EventRounds "9"]
[EventCountry "AUT"]
[WhiteTeam "Switzerland"]
[BlackTeam "Slovakia"]
[WhiteTeamCountry "SUI"]
[BlackTeamCountry "SVK"]

1. d4 Nf6 2. Nf3 e6 3. c4 b6 4. g3 c6 5. Bg2 d5 6. Nc3 Be7 7. O-O O-O 8. Qc2
Nbd7 9. Rd1 Ba6 10. Ne5 Nxe5 11. dxe5 Nd7 12. cxd5 cxd5 13. e4 d4 14. Rxd4 Qc7
15. Bf4 Rfd8 16. Rad1 g5 17. Be3 Nxe5 18. Qa4 Bd3 19. h3 Rxd4 20. Bxd4 Rd8 21.
Nd5 exd5 22. Bxe5 Qxe5 23. Rxd3 dxe4 24. Rxd8+ Bxd8 25. Bxe4 Be7 26. Qc2 h5 27.
Kg2 h4 28. gxh4 gxh4 29. Qc8+ Kg7 30. Qg4+ Kf8 31. Qc8+ Kg7 32. Qg4+ Kh6 33. b3
Qf6 34. Qf5 Qg7+ 35. Kf3 Bd6 36. Bd3 Bc7 37. a4 Bd6 38. Bc4 Qc3+ 39. Kg2 Qg7+
40. Kf3 Qc3+ 41. Bd3 Qg7 42. b4 Qg6 43. b5 Qxf5+ 44. Bxf5 Bc5 45. Bd3 1/2-1/2

[Event "Mitropa Cup 34th"]
[Site "Mayrhofen"]
[Date "2015.06.22"]
[Round "9.1"]
[White "Bluebaum, Matthias"]
[Black "Bailet, Pierre"]
[Result "1/2-1/2"]
[WhiteElo "2600"]
[BlackElo "2518"]
[PlyCount "68"]
[EventDate "2015.06.14"]
[EventType "team"]
[EventRounds "9"]
[EventCountry "AUT"]
[WhiteTeam "Germany"]
[BlackTeam "France"]
[WhiteTeamCountry "GER"]
[BlackTeamCountry "FRA"]

1. d4 Nf6 2. c4 g6 3. Nc3 Bg7 4. e4 d6 5. Nf3 O-O 6. Be2 e5 7. Be3 exd4 8. Nxd4
Re8 9. f3 c6 10. Bf2 d5 11. exd5 cxd5 12. O-O Nc6 13. c5 Nh5 14. Qd2 Be5 15. g3
Ng7 16. Rfd1 Bf5 17. Rac1 Bxd4 18. Bxd4 Ne6 19. Bf2 d4 20. Nb5 Ng5 21. Nxd4
Nxd4 22. Bxd4 Qe7 23. Kf2 Rad8 24. Bf1 Be4 25. Bg2 Bxf3 26. Bxf3 Nxf3 27. Kxf3
Rxd4 28. Qxd4 Qe2+ 29. Kf4 h6 30. h4 h5 31. Kg5 Qe7+ 32. Qf6 Qe3+ 33. Qf4 Qe7+
34. Qf6 Qe3+ 1/2-1/2

[Event "Mitropa Cup 34th"]
[Site "Mayrhofen"]
[Date "2015.06.22"]
[Round "9.2"]
[White "Dourerassou, Jonathan"]
[Black "Wagner, Dennis"]
[Result "0-1"]
[WhiteElo "2415"]
[BlackElo "2569"]
[PlyCount "94"]
[EventDate "2015.06.14"]
[EventType "team"]
[EventRounds "9"]
[EventCountry "AUT"]
[WhiteTeam "France"]
[BlackTeam "Germany"]
[WhiteTeamCountry "FRA"]
[BlackTeamCountry "GER"]

1. e4 e5 2. Nf3 Nc6 3. Nc3 Nf6 4. d4 exd4 5. Nxd4 Bc5 6. Nxc6 bxc6 7. Bd3 O-O
8. O-O Re8 9. Bg5 h6 10. Bh4 Bd4 11. h3 d6 12. Qd2 g5 13. Bg3 Nh5 14. Bh2 Qf6
15. Ne2 Bxb2 16. Rab1 Be5 17. f4 gxf4 18. Nxf4 Qg5 19. Qf2 Nxf4 20. Bxf4 Qxf4
21. Qxf4 Bxf4 22. Rxf4 Be6 23. Rb7 Re7 24. a3 c5 25. Kf2 Kf8 26. Rh4 Kg7 27.
Rf4 Rd7 28. Ke3 c6 29. Rxd7 Bxd7 30. Bc4 f6 31. Rf1 Re8 32. Kf4 f5 33. exf5 d5
34. Ba6 Re4+ 35. Kg3 Kf6 36. Rf4 Re3+ 37. Kh4 c4 38. g4 Rxa3 39. Bxc4 Ra4 40.
Kh5 Rxc4 41. Rf3 Rxc2 42. Kxh6 Rg2 43. Ra3 d4 44. Rxa7 Bxf5 45. Ra4 Bxg4 46.
Rxd4 Bxh3 47. Rd6+ Be6 0-1

[Event "Mitropa Cup 34th"]
[Site "Mayrhofen"]
[Date "2015.06.22"]
[Round "9.3"]
[White "Heimann, Andreas"]
[Black "Barbot, Pierre"]
[Result "1-0"]
[WhiteElo "2551"]
[BlackElo "2463"]
[PlyCount "51"]
[EventDate "2015.06.14"]
[EventType "team"]
[EventRounds "9"]
[EventCountry "AUT"]
[WhiteTeam "Germany"]
[BlackTeam "France"]
[WhiteTeamCountry "GER"]
[BlackTeamCountry "FRA"]

1. e4 c5 2. Nf3 d6 3. d4 cxd4 4. Nxd4 Nf6 5. Nc3 Nc6 6. Bg5 e6 7. Qd2 Be7 8.
O-O-O O-O 9. f4 Nxd4 10. Qxd4 Qa5 11. h4 Rd8 12. Qe3 h6 13. Bd3 Bd7 14. e5 dxe5
15. fxe5 hxg5 16. hxg5 Ng4 17. Qh3 Bxg5+ 18. Kb1 Nh6 19. Qg3 f6 20. exf6 Bc6
21. Rh5 Nf7 22. Rf1 Rd7 23. fxg7 Qc5 24. Qh3 Kxg7 25. Rh7+ Kf8 26. Qxe6 1-0

[Event "Mitropa Cup 34th"]
[Site "Mayrhofen"]
[Date "2015.06.22"]
[Round "9.4"]
[White "Di Nicolantonio, Lucas"]
[Black "Paehtz, Elisabeth"]
[Result "1/2-1/2"]
[WhiteElo "2417"]
[BlackElo "2458"]
[PlyCount "81"]
[EventDate "2015.06.14"]
[EventType "team"]
[EventRounds "9"]
[EventCountry "AUT"]
[WhiteTeam "France"]
[BlackTeam "Germany"]
[WhiteTeamCountry "FRA"]
[BlackTeamCountry "GER"]

1. e4 e6 2. d4 d5 3. Nc3 Bb4 4. e5 c5 5. a3 Bxc3+ 6. bxc3 Qa5 7. Bd2 Qa4 8. Qg4
g6 9. Nf3 Nc6 10. Be2 b6 11. O-O h6 12. Qh4 c4 13. Ra2 Bd7 14. Bg5 Qa5 15. a4
Nce7 16. Rfa1 Bc6 17. Ra3 Kd7 18. g4 Rf8 19. Bf6 g5 20. Qg3 Nxf6 21. exf6 Ng6
22. Ne5+ Nxe5 23. Qxe5 Rhg8 24. h4 Qa6 25. Kh2 Qc8 26. Rg1 Qd8 27. h5 Qb8 28.
Rd1 Qd6 29. Raa1 Kc7 30. Kg3 Rd8 31. Bf1 Qxe5+ 32. dxe5 Kb7 33. a5 b5 34. f3
Ka6 35. Kf2 Rb8 36. Rdb1 Rgd8 37. Ke3 Bd7 38. Kd4 Rbc8 39. Be2 Rg8 40. Rg1 Rc7
41. Rgb1 1/2-1/2

[Event "Mitropa Cup 34th"]
[Site "Mayrhofen"]
[Date "2015.06.22"]
[Round "9.1"]
[White "Shengelia, David"]
[Black "Saric, Ante"]
[Result "0-1"]
[WhiteElo "2573"]
[BlackElo "2580"]
[PlyCount "74"]
[EventDate "2015.06.14"]
[EventType "team"]
[EventRounds "9"]
[EventCountry "AUT"]
[WhiteTeam "Austria"]
[BlackTeam "Croatia"]
[WhiteTeamCountry "AUT"]
[BlackTeamCountry "CRO"]

1. Nf3 c5 2. c4 Nc6 3. d4 cxd4 4. Nxd4 g6 5. Nxc6 dxc6 6. Qxd8+ Kxd8 7. Nc3 Bg7
8. e4 Kc7 9. Be2 e5 10. f4 Ne7 11. Rf1 Be6 12. Be3 Rhe8 13. Rc1 f5 14. Nd5+
Bxd5 15. cxd5 fxe4 16. dxc6 bxc6 17. fxe5 Nf5 18. g4 Nxe3 19. Rf7+ Kb6 20. Rxg7
Rxe5 21. Rc3 Ng2+ 22. Kf2 Nf4 23. Rb3+ Kc5 24. Ra3 Rf8 25. Ra5+ Kd6 26. Rxe5
Kxe5 27. Rxa7 Nd5+ 28. Kg3 Kd4 29. Rxh7 Ke3 30. Bd1 Rf1 31. Ba4 g5 32. h4 Rf3+
33. Kh2 Rf2+ 34. Kh1 Kf3 35. hxg5 Kg3 36. Kg1 Nf4 37. Bd1 e3 0-1

[Event "Mitropa Cup 34th"]
[Site "Mayrhofen"]
[Date "2015.06.22"]
[Round "9.2"]
[White "Bosiocic, Marin"]
[Black "Kreisl, Robert"]
[Result "1/2-1/2"]
[WhiteElo "2558"]
[BlackElo "2441"]
[PlyCount "176"]
[EventDate "2015.06.14"]
[EventType "team"]
[EventRounds "9"]
[EventCountry "AUT"]
[WhiteTeam "Croatia"]
[BlackTeam "Austria"]
[WhiteTeamCountry "CRO"]
[BlackTeamCountry "AUT"]

1. d4 Nf6 2. c4 g6 3. Nf3 Bg7 4. g3 c6 5. Bg2 d5 6. Qb3 O-O 7. O-O Qb6 8. Nc3
Rd8 9. Na4 Qxb3 10. axb3 Na6 11. Bf4 Bf5 12. Nc3 Nh5 13. Bg5 Nf6 14. h3 h5 15.
Bf4 Ne8 16. cxd5 cxd5 17. Ra5 Nac7 18. Rfa1 a6 19. Na4 Ne6 20. Nb6 Nxf4 21.
gxf4 Rab8 22. Nxd5 Be4 23. Ne5 Bxg2 24. Kxg2 Bxe5 25. Nxe7+ Kf8 26. Rxe5 Rxd4
27. f5 g5 28. Rc1 Rd2 29. Nc8 Rxb2 30. e4 Nf6 31. Rc7 Rd2 32. Nb6 Rd6 33. Ree7
Rxb6 34. Rxf7+ Kg8 35. Rg7+ Kh8 36. e5 Rf8 37. exf6 Rfxf6 38. Rxg5 Rxb3 39.
Rxh5+ Kg8 40. Rhh7 Rxf5 41. Rcg7+ Kf8 42. Rxb7 Rxb7 43. Rxb7 Rf6 44. f3 Rg6+
45. Kf2 Rh6 46. Kg3 Rg6+ 47. Kf4 Rh6 48. Kg4 Rg6+ 49. Kf5 Rh6 50. f4 Rxh3 51.
Kg6 Rf3 52. f5 Rf1 53. Ra7 Rf2 54. Rxa6 Rf1 55. Ra5 Rf2 56. Kf6 Kg8 57. Ra8+
Kh7 58. Re8 Rf1 59. Re7+ Kg8 60. Rg7+ Kf8 61. Rh7 Kg8 62. Re7 Kf8 63. Re6 Rf2
64. Rd6 Kg8 65. Rd8+ Kh7 66. Rf8 Ra2 67. Re8 Rf2 68. Re4 Kg8 69. Rg4+ Kf8 70.
Kg6 Kg8 71. Re4 Rg2+ 72. Kf6 Rf2 73. Ke6 Kg7 74. Rg4+ Kf8 75. Ra4 Kg7 76. Ra7+
Kf8 77. Kf6 Kg8 78. Ra1 Rf3 79. Rg1+ Kf8 80. Kg6 Kg8 81. Rg2 Rf1 82. Rb2 Rg1+
83. Kf6 Rf1 84. Rb5 Rf2 85. Rb8+ Kh7 86. Rf8 Ra2 87. Re8 Rf2 88. Rf8 Ra2
1/2-1/2